000 00587cam a22002053a 4500
001 39808
003 PGUSA
005 20140828083904.0
008 120526s2012||||xxu|||||s|||||000 | eng d
040 _aPGUSA
_beng
042 _adc
100 1 _aMorgan, Godfrey Charles
245 1 0 _aWit and Wisdom of Lord Tredegar
_h[electronic resource] /
_cGodfrey Charles Morgan
260 _bProject Gutenberg,
_c2012
506 _aPublic domain in the USA.
516 _aElectronic text
830 0 _aProject Gutenberg
_v39808
856 4 0 _uhttp://www.gutenberg.org/ebooks/39808
942 _cEB
999 _c269061
_d269061